Evolved Regional Form Pokémon - Statistics

General Stats
  • This quiz has been taken 9 times
  • The average score is 6 of 9
Answer Stats
Answer % Correct
Sirfetch’d
100%
Mr. Rime
88%
Perrserker
75%
Runerigus
75%
Clodsire
63%
Cursola
50%
Obstagoon
50%
Overqwil
25%
Sneasler
25%
No matching quizzes found
Score Distribution
Percent of People with Each Score
Percentile by Number Answered
Your Score History
You have not taken this quiz